Bukkhon samkhan khōng Thai læ sākon. (Record no. 1900)
[ view plain ]
| 000 -LEADER | |
|---|---|
| fixed length control field | 00952cam a2200313u 4500 |
| 001 - CONTROL NUMBER | |
| control field | data |
| 005 - DATE AND TIME OF LATEST TRANSACTION | |
| control field | 20260322212123.0 |
| 008 - FIXED-LENGTH DATA ELEMENTS--GENERAL INFORMATION | |
| fixed length control field | data |
| 035 ## - SYSTEM CONTROL NUMBER | |
| System control number | 7570414 |
| 010 ## - LIBRARY OF CONGRESS CONTROL NUMBER | |
| LC control number | 71257119 |
| 035 ## - SYSTEM CONTROL NUMBER | |
| -- | (DLC) 71257119 |
| 040 ## - CATALOGING SOURCE | |
| Original cataloging agency | DLC |
| Transcribing agency | CarP |
| Modifying agency | DLC |
| 043 ## - GEOGRAPHIC AREA CODE | |
| Geographic area code | a-th--- |
| 050 00 - LIBRARY OF CONGRESS CALL NUMBER | |
| Classification number | CT203.T5 |
| Item number | N3 |
| 100 0# - MAIN ENTRY--PERSONAL NAME | |
| Personal name | Nakhōn Pinsuwan, |
| Relator term | comp. |
| 245 10 - TITLE STATEMENT | |
| Title | Bukkhon samkhan khōng Thai læ sākon. |
| 260 ## - PUBLICATION, DISTRIBUTION, ETC. | |
| Date of publication, distribution, etc. | [1960] |
| 300 ## - PHYSICAL DESCRIPTION | |
| Extent | 5, 112, 96, 112, 128 p. |
| Dimensions | 18 cm. |
| 336 ## - CONTENT TYPE | |
| Content type term | text |
| Content type code | txt |
| Source | rdacontent |
| 337 ## - MEDIA TYPE | |
| Media type term | unmediated |
| Media type code | n |
| Source | rdamedia |
| 338 ## - CARRIER TYPE | |
| Carrier type term | volume |
| Carrier type code | nc |
| Source | rdacarrier |
| 500 ## - GENERAL NOTE | |
| General note | Romanized. |
| 650 #0 - SUBJECT ADDED ENTRY--TOPICAL TERM | |
| Topical term or geographic name entry element | Biography. |
| 651 #0 - SUBJECT ADDED ENTRY--GEOGRAPHIC NAME | |
| Geographic name | Thailand |
| Form subdivision | Biography. |
| 655 #7 - INDEX TERM--GENRE/FORM | |
| Genre/form data or focus term | Biographies. |
| Source of term | lcgft |
| Authority record control number or standard number | https://id.loc.gov/authorities/genreForms/gf2014026049 |
| 906 ## - LOCAL DATA ELEMENT F, LDF (RLIN) | |
| a | 0 |
| b | cbc |
| c | premunv |
| d | u |
| e | ncip |
| f | 19 |
| g | y-gencatlg |
| 991 ## - | |
| -- | c-GenColl |
| -- | CT203.T5 |
| -- | N3 (Orien Thai) |
| -- | Copy 1 |
| -- | PREM |
| Withdrawn status | Lost status | Damaged status | Not for loan | Home library | Current library | Shelving location | Date acquired | Total checkouts | Full call number | Barcode | Date last seen | Price effective from | Koha item type |
|---|---|---|---|---|---|---|---|---|---|---|---|---|---|
| Troy | Troy | General stacks | 22/03/2026 | CT203.T5 | LOC-TPL-00032 | 22/03/2026 | 22/03/2026 | Books |